[Event "NRW Sportland Cup Masters"]
[Site "Senden"]
[Date "1998.10.10"]
[Round "3"]
[White "Mainka, Romuald"]
[Black "Chuchelov, Vladimir"]
[Result "1-0"]
[WhiteElo "2480"]
[BlackElo "2540"]

1.e4 c5 2.Nf3 e6 3.d4 cxd4 4.Nxd4 a6 5.Bd3 Nf6 6.O-O Qc7 7.Qe2 d6 8.c4 g6
9.Nc3 Bg7 10.Rd1 O-O 11.Nf3 Ng4 12.Bf4 Ne5 13.Rac1 Nbc6 14.b3 Qe7 15.Bb1 Rb8
16.Be3 b6 17.Nd4 Na7 18.f4 Nd7 19.Nf3 Bb7 20.Qe1 Rfd8 21.Qg3 Nc5 22.Qh3 Nc6
23.Bf2 Ba8 24.Re1 Nb4 25.Nd4 Re8 26.Rcd1 Qc7 27.Nde2 Nc6 28.Rd2 b5 29.cxb5 axb5
30.e5 Red8 31.Red1 b4 32.exd6 Qa5 33.Ne4 Nxe4 34.Bxe4 Rd7 35.Qf3 Nd8 36.Rc2 Bxe4
37.Qxe4 Nb7 38.Qc6 Rxd6 39.Rxd6 Nxd6 40.Qxd6 Rd8 41.Bb6  1-0

[Event "Budapest FS10 IM-A"]
[Site "Budapest"]
[Date "1998.10.11"]
[Round "9"]
[White "Jamrich, Gyorgy"]
[Black "Brustkern, Juergen"]
[Result "1/2-1/2"]
[WhiteElo "2310"]
[BlackElo "2255"]

1.e4 c5 2.Nf3 e6 3.d4 cxd4 4.Nxd4 a6 5.Bd3 Qb6 6.Nb3 Qc7 7.O-O Nf6 8.Qe2 d6
9.a4 b6 10.Nc3 Be7 11.f4 Nc6 12.Be3 O-O 13.h3 Bb7 14.Rae1 Nd7 15.Nd1 Nb4
16.Nf2 Bh4 17.Ra1 Rac8  1/2-1/2

[Event "Budapest FS10 GM"]
[Site "Budapest"]
[Date "1998.10.12"]
[Round "10"]
[White "Horvath, Adam"]
[Black "Kreiman, Boris"]
[Result "1/2-1/2"]
[WhiteElo "2455"]
[BlackElo "2455"]

1.e4 c5 2.Nf3 e6 3.d4 cxd4 4.Nxd4 a6 5.Bd3 Bc5 6.Nb3 Ba7 7.Qe2 Nc6 8.Nc3 Nge7
9.Be3 e5 10.O-O d6 11.Rad1 O-O 12.Bxa7 Rxa7 13.Qe3 Be6 14.Nd5 Ra8 15.f4 exf4
16.Nxf4 Ng6 17.Nxe6  1/2-1/2

[Event "Elista ol (Men)"]
[Site "Elista"]
[Date "1998.10.12"]
[Round "13"]
[White "Luther, Thomas"]
[Black "Borges Mateos, Juan"]
[Result "1/2-1/2"]
[WhiteElo "2560"]
[BlackElo "2470"]

1.e4 c5 2.Nf3 e6 3.d4 cxd4 4.Nxd4 a6 5.Bd3 Nf6 6.O-O Qc7 7.Qe2 Bd6 8.f4 Bc5
9.Be3 Qb6 10.c3 Nc6 11.Kh1 Nxd4 12.cxd4 Bxd4 13.Bxd4 Qxd4 14.Nc3 O-O 15.Rad1 Qb4
16.e5 Ne8 17.a3 Qe7 18.Na4 Qd8 19.Bb1 d5 20.exd6 Bd7 21.Nc5 Bb5 22.Bd3 Qxd6
23.Bxh7+ Kh8 24.Qe3 Qe7 25.Qh3 Nf6 26.Ne4 Rfd8 27.Rfe1 Bc6 28.Ng5 Be8 29.Rd3 Rxd3
30.Bxd3+ Kg8 31.Bh7+ Kf8 32.Bf5 Kg8 33.Bh7+ Kf8 34.Bf5 Kg8 35.Rxe6 Qc7 36.Re1 g6
37.Ne4 Nd5 38.Ng5 Nf6 39.Ne4 Nd5 40.Qg3 Kg7 41.Nc3 Nxc3 42.bxc3 Bc6 43.h3 Rd8
44.Kh2 Qd6 45.Be4 Bxe4 46.Rxe4 Qxa3 47.Rb4 Rc8 48.Rxb7 Qxc3 49.Qxc3+ Rxc3
50.Ra7 Ra3 51.h4  1/2-1/2

[Event "Elista ol (Men)"]
[Site "Elista"]
[Date "1998.10.12"]
[Round "13"]
[White "Bitoon, Richard"]
[Black "Strikovic, Aleksa"]
[Result "0-1"]
[WhiteElo "2350"]
[BlackElo "2550"]

1.e4 c5 2.Nf3 e6 3.d4 cxd4 4.Nxd4 a6 5.Bd3 Nf6 6.O-O Qc7 7.c4 Nc6 8.Be3 Ne5
9.f3 Bc5 10.Be2 d6 11.Nc3 O-O 12.Rc1 Ng6 13.Kh1 Bd7 14.Qd2 Rfd8 15.a3 Rac8
16.b4 Ba7 17.f4 Re8 18.f5 exf5 19.exf5 Ne5 20.Bg5 Qd8 21.Nf3 Neg4 22.Nd4 h6
23.Bf4 Ne4 24.Nxe4 Rxe4 25.Bxg4 Rxd4 26.Qe2 Qf6 27.h3 d5 28.Be5 Qg5 29.Bxd4 Bxd4
30.Rfd1 Re8 31.Qd3 Be3 32.Ra1 d4 33.Rf1 Re5 34.Qd1 h5 35.Bxh5 Bxf5 36.Bg4 Be4
37.Bf3 f5 38.c5 Kh7 39.Ra2 d3 40.g4 d2 41.Bxe4 fxe4 42.Kg2 Rd5 43.h4 Qg6
44.Qe2 Rd3 45.Raa1 Bd4 46.Rad1 Re3  0-1

[Event "Budapest FS10 IM-A"]
[Site "Budapest"]
[Date "1998.10.13"]
[Round "11"]
[White "Szuk, Balazs"]
[Black "Brustkern, Juergen"]
[Result "0-1"]
[WhiteElo "2430"]
[BlackElo "2255"]

1.e4 c5 2.Nf3 e6 3.d4 cxd4 4.Nxd4 a6 5.Bd3 Qb6 6.Nb3 Qc7 7.O-O Nf6 8.f4 d6
9.c4 Nbd7 10.Be3 b6 11.Nc3 Bb7 12.Rc1 Be7 13.Qf3 O-O 14.Nd4 Rfe8 15.g4 g6
16.g5 Nh5 17.Qg4 Bf8 18.Qh4 Nc5 19.Bc2 Qd8 20.b4 Nd7 21.Bd1 Ng7 22.Nf3 Rc8
23.Bb3 Nh5 24.Qh3 Bg7 25.Bd4 Nxf4 26.Qh4 Bxd4+ 27.Nxd4 Qxg5+ 28.Qxg5 Nh3+  0-1

[Event "NRW Sportland Cup Masters"]
[Site "Senden"]
[Date "1998.10.13"]
[Round "6"]
[White "Schaefer, Markus"]
[Black "Gipslis, Aivars"]
[Result "1/2-1/2"]
[WhiteElo "2410"]
[BlackElo "2450"]

1.e4 c5 2.Nf3 e6 3.d4 cxd4 4.Nxd4 a6 5.Bd3 g6 6.c4 Bg7 7.Nb3 d6 8.O-O Nd7
9.Nc3 b6 10.Bf4 Qc7 11.Qd2 Bb7 12.Rfd1 Rd8 13.Be2 Ne5 14.Bg5 f6 15.Be3 Ne7
16.f4 Nf7 17.Nd4 Qd7 18.f5 gxf5 19.exf5 Nxf5 20.Nxf5 exf5 21.Rf1 O-O 22.Bd3 Ne5
23.Bxf5 Qe8 24.b3 b5 25.cxb5 axb5 26.Nd5 Qf7 27.Nf4 Bc8 28.Be4 Kh8 29.Bd5 Qe7
30.Nh5 Bb7 31.Rae1 Bxd5 32.Qxd5 Qf7 33.Qxf7 Rxf7 34.Bd4 Kg8 35.Rc1 Ra8 36.Rc2 b4
37.Nf4 f5 38.Nd5 Nf3+ 39.Rxf3 Bxd4+ 40.Kf1 Bc5 41.Rf4 Rfa7 42.Nxb4 Bxb4 43.Rxb4  1/2-1/2

[Event "SWE-chT 9899"]
[Site "Sweden"]
[Date "1998.10.16"]
[Round "1"]
[White "Hermansson, Emil"]
[Black "Aagaard, Jacob"]
[Result "1-0"]
[WhiteElo "2340"]
[BlackElo "2420"]

1.e4 c5 2.Nf3 e6 3.d4 cxd4 4.Nxd4 a6 5.Bd3 Qb6 6.Nb3 Qc7 7.O-O Nf6 8.c4 d6
9.Nc3 Nbd7 10.Bf4 b6 11.Rc1 Be7 12.Qd2 O-O 13.Rfd1 Bb7 14.f3 Rac8 15.Bf1 Ne5
16.Be3 Rfe8 17.Kh1 Ba8 18.Nd4 Qb8 19.b3 Bf8 20.Nc2 Ned7 21.Bf4 Ne5 22.Be3 Nfd7
23.Bg1 Red8 24.a3 Nf6 25.Na4 Ned7 26.b4 Bc6 27.Nc3 Ba8 28.Na4 Bc6 29.Nc3 Kh8
30.Nd4 Ba8 31.Nb3 Kg8 32.Bd4 Re8 33.Qf2 Bc6 34.Re1 Kh8 35.Rb1 Kg8 36.a4 Qc7
37.a5 bxa5 38.Nxa5 Ba8 39.Na4 Rb8 40.Qd2 Red8 41.Rec1 d5 42.cxd5 Bxb4 43.Rxb4 Qxa5
44.Rxb8  1-0

[Event "BL2-N9899"]
[Site "Germany"]
[Date "1998.10.18"]
[Round "1.6"]
[White "Dimitrijeski, Boris"]
[Black "Mattick, Lutz"]
[Result "0-1"]
[WhiteElo "2190"]
[BlackElo "2265"]

1.e4 c5 2.Nf3 e6 3.d4 cxd4 4.Nxd4 a6 5.Bd3 Qc7 6.O-O Nf6 7.Qe2 d6 8.c4 g6
9.Nc3 Bg7 10.Rd1 Nc6 11.Nf3 O-O 12.h3 b6 13.Bf4 Nd7 14.Rac1 Nce5 15.b3 Bb7
16.Bb1 Rae8 17.Qd2 Nxf3+ 18.gxf3 Ne5 19.Qxd6 Nxf3+ 20.Kg2 Qc8 21.Kxf3 Bxc3
22.Qxb6 e5 23.Bg3 Bb2 24.Rc2 Bd4 25.Qf6 Qxh3 26.Rcd2 h6 27.Ke2 Qg4+ 28.Kf1 Bxe4
29.Bxe4 Qxe4 30.f3 Qb7 31.Kg2 Re6 32.Qh4 e4 33.Rxd4 exf3+ 34.Kh3 Re2 35.Qxh6 Qc8+
36.Rg4 Re4 37.Qh4 f2 38.Bxf2 Re7  0-1

[Event "SVK-chT2A 9899"]
[Site "SVK"]
[Date "1998.10.18"]
[Round "2"]
[White "Sarmir, Milos"]
[Black "Mandak, Miroslav"]
[Result "1/2-1/2"]
[WhiteElo "2175"]
[BlackElo "2100"]

1.e4 c5 2.Nf3 e6 3.d4 cxd4 4.Nxd4 a6 5.Bd3 Qc7 6.O-O Nf6 7.Nc3 b5 8.a3 Bb7
9.Be3 Be7 10.Qe2 O-O 11.f4 d6 12.h3 Nbd7 13.Nb3 d5 14.exd5 exd5 15.Bd4 Rfe8
16.Qf3 Bd6 17.Qg3 Bf8 18.Qh4 Ne4 19.Rae1 f5 20.Qh5 g6 21.Qf3 Bg7 22.g4 Nd2
23.Nxd2 Bxd4+ 24.Kh2 Bxc3 25.bxc3 Qxc3 26.Nb1 fxg4 27.Qxg4 Qc6 28.f5 Ne5
29.Rxe5 Rxe5 30.fxg6 h5 31.Qf4 Re7 32.Qg5 d4 33.Nd2 Rae8 34.Nf3 Qd6+ 35.Kg1 Re3
36.Kg2 Qf8 37.Qxh5 Bxf3+ 38.Rxf3 Qxf3+ 39.Qxf3 Rxf3 40.Kxf3 Kg7 41.Kf4 Re3
42.h4 Re1 43.h5 Re3  1/2-1/2

[Event "Andres Clemente Vazquez mem"]
[Site "Guiines"]
[Date "1998.10.20"]
[Round "7"]
[White "Suri, Alberto"]
[Black "Garcia, Osmel"]
[Result "0-1"]
[WhiteElo "2310"]
[BlackElo "2350"]

1.e4 c5 2.Nf3 e6 3.d4 cxd4 4.Nxd4 a6 5.Bd3 Nf6 6.O-O Qc7 7.c4 b6 8.Nc3 Bb7
9.Qe2 d6 10.g4 Be7 11.f4 Nc6 12.Be3 Nd7 13.Rac1 Nxd4 14.Bxd4 Bf6 15.Bf2 h6
16.b3 O-O 17.h4 Nc5 18.Na4 g6 19.g5 hxg5 20.hxg5 Bg7 21.Qe3 e5 22.Nxc5 dxc5
23.f5 gxf5 24.exf5 e4 25.Be2 Bd4 26.Qh3 f6 27.g6 Rfd8 28.Bxd4 Rxd4 29.Rf4 e3
30.Rxd4 cxd4 31.Rd1 Rd8 32.Qh4 Rd7 33.Kf1 Qe5 34.Bd3 e2+ 35.Bxe2 Qxf5+ 36.Qf2 Qxg6
37.Bf3 Be4 38.Bxe4 Qxe4 39.Qg3+ Kf8 40.Re1 Qf5+ 41.Ke2 Re7+ 42.Kd2 Qa5+ 43.Kd1 Rxe1+
44.Qxe1 Qxe1+ 45.Kxe1 f5 46.Ke2 f4 47.Kf3 d3  0-1

[Event "BL9899 (Women)"]
[Site "Germany"]
[Date "1998.10.24"]
[Round "1.3"]
[White "Claus, Caroline"]
[Black "Jahn, Constanze"]
[Result "1-0"]
[WhiteElo "2155"]
[BlackElo "2140"]

1.e4 c5 2.Nf3 e6 3.d4 cxd4 4.Nxd4 a6 5.Bd3 Nc6 6.c3 Qc7 7.O-O Nf6 8.Nd2 Bc5
9.N2b3 Ba7 10.Nf3 O-O 11.Bg5 Ng4 12.Bh4 Nce5 13.Bg3 d6 14.Bc2 b5 15.Kh1 Bb7
16.Nfd4 Nf6 17.Qe2 Nc4 18.Bd3 Ne5 19.Bb1 Qc4 20.Re1 Qxe2 21.Rxe2 Rac8 22.f4 Nc4
23.Bd3 Rfe8 24.a4 bxa4 25.Rxa4 d5 26.exd5 exd5 27.Rxe8+ Nxe8 28.Rb4 Nxb2
29.Rxb7 Bxd4 30.Bxa6 Rxc3 31.Rb8 Re3 32.Nxd4 Nc4 33.Bxc4 dxc4 34.Nf3 Kf8
35.Bf2 Re4 36.Bc5+ Kg8 37.h3 c3 38.Rc8 c2 39.Ba3 f6 40.Rxc2 Rxf4 41.Kh2 h5  1-0

[Event "BL9899 (Women)"]
[Site "Germany"]
[Date "1998.10.24"]
[Round "1.5"]
[White "Kierzek, Mira"]
[Black "Eckhardt, Claudia"]
[Result "1/2-1/2"]
[WhiteElo "2055"]
[BlackElo "2170"]

1.e4 c5 2.Nf3 e6 3.d4 cxd4 4.Nxd4 a6 5.Bd3 Nf6 6.O-O Qc7 7.Be3 d6 8.Nd2 Nbd7
9.f4 b6 10.N4b3 Bb7 11.Qe2 Be7 12.a4 O-O 13.c4 Nc5 14.Nxc5 bxc5 15.g4 Qc6
16.g5 Nd7 17.Rf3 g6 18.b3 Rfe8 19.h4 f5 20.h5 Bf8 21.hxg6 hxg6 22.Rh3 Bg7
23.Rf1 Nf8 24.Qf2 Rac8 25.Bc2 a5 26.Qh2 Qb6 27.Rd1 Rcd8 28.Rb1 Qc6  1/2-1/2

[Event "Chigorin mem"]
[Site "St. Petersburg"]
[Date "1998.11.01"]
[Round "2"]
[White "Karasev, Vladimir I"]
[Black "Yemelin, Vasily"]
[Result "1-0"]
[WhiteElo "2375"]
[BlackElo "2510"]

1.e4 c5 2.Nf3 e6 3.d4 cxd4 4.Nxd4 a6 5.Bd3 Nf6 6.O-O d6 7.Kh1 Nbd7 8.c4 b6
9.Nc3 Bb7 10.f4 Nc5 11.Bc2 Nfxe4 12.Nxe4 Bxe4 13.Bxe4 Nxe4 14.f5 e5 15.Qf3 d5
16.Nc6 Qd6 17.cxd5 Qxd5 18.Nxe5 Bd6 19.Bf4 O-O 20.Rad1 Qb7 21.f6 Rfe8 22.Rd4 Rxe5
23.Bxe5 Nf2+ 24.Qxf2 Bxe5 25.Rg4 g6 26.Re1 Bd6 27.Rge4 h5 28.Re8+ Rxe8 29.Rxe8+ Kh7
30.Qd2  1-0

[Event "Wch U18"]
[Site "Oropesa del Mar"]
[Date "1998.11.02"]
[Round "7"]
[White "Lopez Martinez, Jose Manuel"]
[Black "Bakhtadze, Giorgi"]
[Result "1-0"]
[WhiteElo "2350"]
[BlackElo "2395"]

1.e4 c5 2.Nf3 e6 3.d4 cxd4 4.Nxd4 a6 5.Bd3 Nf6 6.O-O d6 7.c4 b6 8.Nc3 Bb7
9.f4 Be7 10.Qe2 O-O 11.Kh1 Nc6 12.Nxc6 Bxc6 13.b3 Nd7 14.Bb2 Bb7 15.Rad1 Qc7
16.Bb1 Rad8 17.Qd3 Rfe8 18.Qh3 g6 19.Rd3 Bf6 20.Qh6 Qc6 21.Rh3 Nf8 22.Rhf3 Bg7
23.Qh4 Qc8 24.Rh3 Qa8 25.Qf2 f5 26.exf5 exf5 27.Rg3 Nd7 28.Bxf5 Nf6 29.Bd3 Nh5
30.Rg4 Nf6 31.Rg5 Bh6 32.Nd5 Nxd5 33.cxd5 Bxg5 34.Qd4 Re5 35.fxe5 Bxd5 36.exd6 Bxg2+
37.Kg1  1-0

[Event "Corsican op"]
[Site "Bastia"]
[Date "1998.11.04"]
[Round "8"]
[White "Delchev, Aleksander"]
[Black "Hulak, Krunoslav"]
[Result "0-1"]
[WhiteElo "2575"]
[BlackElo "2520"]

1.e4 c5 2.Nf3 e6 3.d4 cxd4 4.Nxd4 a6 5.Bd3 Nf6 6.O-O d6 7.c4 Nbd7 8.Qe2 g6
9.Nc3 Bg7 10.Bg5 Qc7 11.Rad1 h6 12.Be3 b6 13.Bb1 O-O 14.h3 Bb7 15.Qd2 Kh7
16.Nde2 Ne8 17.b3 Rc8 18.Bd4 Bxd4 19.Qxd4 Bc6 20.a4 Nc5 21.Bc2 e5 22.Qe3 a5
23.f4 Qe7 24.f5 Rd8 25.Nd5 Bxd5 26.cxd5 Kg7 27.fxg6 fxg6 28.Rxf8 Qxf8 29.Qg3 Qf7
30.Rf1 Nf6 31.Nc3 Qe8 32.Nb5 Nh5 33.Qf3 Rd7 34.Qg4 Nf6 35.Qf3 Nh5 36.Qg4 Nf6
37.Qh4 Nh5 38.g3 Qd8 39.Qg4  0-1

[Event "Wch U18 Girls"]
[Site "Oropesa del Mar"]
[Date "1998.11.04"]
[Round "9"]
[White "Krivec, Jana"]
[Black "Babataeva, Indira"]
[Result "0-1"]
[WhiteElo "2180"]
[BlackElo "2020"]

1.e4 c5 2.Nf3 e6 3.d4 cxd4 4.Nxd4 a6 5.Bd3 Nf6 6.O-O d6 7.c4 g6 8.Nc3 Bg7
9.Be3 Nbd7 10.Kh1 Qc7 11.f4 O-O 12.Rc1 b6 13.b4 Re8 14.Nf3 Bb7 15.Nd2 Qd8
16.a3 Rc8 17.Qe2 Kh8 18.Bb1 Kg8 19.Bd3 Kh8 20.Bb1 Kg8 21.Bg1 Nh5 22.Qd3 e5
23.f5 Nf4 24.Qxd6 Bf8 25.Bxb6 Qg5 26.g3 Bxd6 27.gxf4 exf4 28.Nf3 Qh5 29.Bd4 Rxc4
30.fxg6 hxg6 31.Bd3 Rcc8 32.Rc2 Ne5 33.Nxe5 Bxe5 34.Bxe5 Qxe5  0-1

[Event "Young Masters 5th"]
[Site "Loures"]
[Date "1998.11.07"]
[Round "5"]
[White "Santo Roman, Marc"]
[Black "Guerra, Victor"]
[Result "1-0"]
[WhiteElo "2375"]
[BlackElo "2195"]

1.e4 c5 2.Nf3 e6 3.d4 cxd4 4.Nxd4 a6 5.Bd3 Qc7 6.O-O Nf6 7.Qe2 Nc6 8.Nxc6 bxc6
9.Bg5 h6 10.Bh4 Bd6 11.Kh1 Be5 12.Nd2 d5 13.c3 Nd7 14.Rae1 O-O 15.Nf3 Bf6
16.e5 Bd8 17.Bb1 Re8 18.Qc2 Nf8 19.Bxd8 Rxd8 20.Ng1 c5 21.f4 Qa5 22.Nf3 d4
23.cxd4 cxd4 24.Rd1 Qb6 25.Nd2 Bb7 26.Nc4 Qc5 27.Nd6 Qxc2 28.Bxc2 Bd5 29.Rxd4 Nd7
30.Be4 Nb6 31.Bxd5 Nxd5 32.Rc1 Rab8 33.b3 Rb6 34.g3 g6 35.Kg2 Rdb8 36.Kf3 h5
37.Rc5 Kg7 38.Rdc4 Nb4 39.Ra5 Nc6 40.Rac5 Nb4 41.Rc7 Rf8 42.a3 Nd5 43.Rb7 Rxb7
44.Nxb7 Rb8 45.Na5 Ne7 46.b4 Rd8 47.Ke2 Rd5 48.Nb3 Rd7 49.Nc5 Ra7 50.Ne4 Nd5
51.Rc8 Nb6 52.Rc6 Nd5 53.Nc5 a5 54.Ra6 Rxa6 55.Nxa6 axb4 56.Nxb4 Nb6 57.h4 Nc4
58.a4 f6 59.Nc6 fxe5 60.fxe5 g5 61.hxg5 Kg6 62.a5 Kxg5 63.a6 Nb6 64.Nd4 h4
65.Nf3+ Kf5 66.gxh4 Nc8 67.h5  1-0

[Event "SWE-chT 9899"]
[Site "Sweden"]
[Date "1998.11.07"]
[Round "4"]
[White "Furhoff, Johan"]
[Black "Eriksson, Magnus"]
[Result "1/2-1/2"]
[WhiteElo "2265"]
[BlackElo "2360"]

1.e4 c5 2.Nf3 e6 3.d4 cxd4 4.Nxd4 a6 5.Bd3 Qb6 6.c3 d6 7.O-O Nf6 8.Bg5 Nbd7
9.Nd2 Qxb2 10.Nc4 Qxc3 11.Rc1 Qb4 12.Be3 b5 13.a3 Qa4 14.Bc2 Qxc4 15.Bb3 Qxc1
16.Qxc1 Nc5 17.e5 Nfd7 18.f4 Bb7 19.f5 Nxb3 20.Nxb3 Rc8 21.Qb2 Nxe5 22.fxe6 fxe6
23.Bd4 Nc4 24.Qf2 Rc7 25.Na5 Bd5 26.Nxc4 Bxc4 27.Qe1 e5 28.Rf3 Kd7 29.Bb6 Rc6
30.Qe4 Be7 31.Be3 Be6 32.a4 Bf6 33.axb5 axb5 34.Qb1 Bc4 35.Bg5 d5 36.Qf5+ Kc7
37.Bxf6 gxf6 38.Rg3 Rc8 39.Rg7+ Kb6 40.h4 b4 41.Rxh7 b3 42.h5 d4 43.Qd7 Be6
44.Qa7+ Kb5 45.Rb7+ Kc4 46.h6 Kd3 47.h7 Kc2 48.Qa4 Rc3 49.Qa6 d3 50.Qxe6 d2
51.Qf5+ Kc1 52.Rd7 d1=Q+ 53.Rxd1+ Kxd1 54.Qf1+  1/2-1/2

[Event "Chigorin mem"]
[Site "St. Petersburg"]
[Date "1998.11.09"]
[Round "9"]
[White "Evelev, Vladimir M"]
[Black "Kuzuev, Danil"]
[Result "1/2-1/2"]
[WhiteElo "2280"]
[BlackElo "2350"]

1.e4 c5 2.Nf3 e6 3.d4 cxd4 4.Nxd4 a6 5.Bd3 Nf6 6.O-O Qc7 7.Re1 d6 8.c4 Nbd7
9.Nc3 Ne5 10.Bf1 Bd7 11.b3 Be7 12.Qd2 O-O 13.a4 Rfd8 14.Ba3 Rac8 15.g3 Bf8
16.Bg2 Ng6 17.Red1 Be8 18.Ra2 Qb6 19.Qb2 h5 20.Raa1 h4 21.Rab1 Ne5 22.Qe2 hxg3
23.hxg3 Nfd7 24.Bc1 Be7 25.Be3 Qc7 26.Bh3 Nf8 27.Rdc1 Bf6 28.f4 Nc6 29.Nxc6 Bxc6
30.Nd5 Bxd5 31.cxd5 Qe7 32.Qd3 Re8 33.dxe6 Nxe6 34.b4 g6 35.Bg2 Ng7 36.Bf2 Qe6
37.Rd1 Red8 38.Rd2 Rc3 39.Qd5 Qxd5 40.Rxd5 Nh5 41.Kh2 Ra3 42.a5 Rc8 43.Rbd1 Be7
44.R5d3 Ra4 45.Be1 Rc2 46.Kh3 Ng7 47.Rc3 Rxc3 48.Bxc3 Ne6 49.Ra1 Rxa1 50.Bxa1 Nd8
51.Bc3 Nc6 52.e5 dxe5 53.b5 axb5 54.a6 bxa6 55.Bxc6 exf4 56.gxf4 b4 57.Bd4 f5
58.Kg3 g5  1/2-1/2

[Event "SLO-chT"]
[Site "Bled"]
[Date "1998.11.10"]
[Round "4"]
[White "Kovac, Boris"]
[Black "Pavasovic, Dusko"]
[Result "1-0"]
[WhiteElo "2270"]
[BlackElo "2475"]

1.e4 c5 2.Nf3 e6 3.d4 cxd4 4.Nxd4 a6 5.Bd3 Qb6 6.Nb3 Qc7 7.O-O Nf6 8.f4 d6
9.c4 Nc6 10.Bd2 Be7 11.Bc3 b5 12.Qe2 b4 13.Be1 a5 14.a4 Nd7 15.N1d2 Bf6 16.Nf3 Bb7
17.Bf2 O-O 18.c5 dxc5 19.e5 Be7 20.Rac1 Rfd8 21.Rfd1 Rac8 22.Ba6 Bxa6 23.Qxa6 Ra8
24.Qe2 Rac8 25.Qa6 h6 26.Rd2 Qb6 27.Qe2 Ncb8 28.Rdc2 Rc6 29.Nfd2 Qa6 30.Nc4 Rc7
31.Nbxa5 Nb6 32.Ra1 Nxc4 33.Nxc4 Nc6 34.b3 Rd5 35.Qf1 Rcd7 36.a5 Ra7 37.Nb6 Qxf1+
38.Kxf1 Rd3 39.Nc8 Rc7 40.Nxe7+ Nxe7 41.Rxc5  1-0

[Event "AMEBS"]
[Site "La Plata"]
[Date "1998.11.30"]
[Round "9"]
[White "Hernandez, Gilberto"]
[Black "Spangenberg, Hugo"]
[Result "1/2-1/2"]
[WhiteElo "2520"]
[BlackElo "2520"]

1.e4 c5 2.Nf3 e6 3.d4 cxd4 4.Nxd4 a6 5.Bd3 Nf6 6.O-O Qc7 7.Qe2 d6 8.c4 b6
9.Nc3 Bb7 10.f4 Nc6 11.Nf3 Nd7 12.Bd2 Be7 13.Nd5 Qd8 14.Rae1 O-O 15.Nxe7+ Nxe7
16.Bb4 Nc5 17.Bc2 e5 18.Bc3 exf4 19.Nd4 Ne6 20.Nf5 Nxf5 21.exf5 f3 22.gxf3 Nf4
23.Qd2 Qg5+ 24.Kh1 Nh3 25.Be4 Bxe4 26.fxe4 Qxd2 27.Bxd2 f6 28.Kg2 Ng5 29.Bxg5 fxg5
30.Re2 Kf7 31.Rd1 Rfd8 32.Rd4 Rac8 33.Red2 Ke7 34.a4 a5 35.b3 Rc5 36.Kf3 h5
37.Kg3 Re5 38.h4 g4 39.Kf4 g6 40.fxg6 Rf8+ 41.Kg3 Re6 42.R2d3 Rxg6 43.Rd5 Rh6
44.Rb5 Rf1 45.Rxb6 Rhf6 46.Rb5 Rg1+ 47.Kh2 Rff1 48.Rxh5 Rh1+ 49.Kg3  1/2-1/2

[Event "BL9899 (Women)"]
[Site "Germany"]
[Date "1998.12.06"]
[Round "6.2"]
[White "Koglin, Anke"]
[Black "Goehler, Antje"]
[Result "1-0"]
[WhiteElo "2205"]
[BlackElo "2160"]

1.e4 c5 2.Nf3 e6 3.d4 cxd4 4.Nxd4 a6 5.Bd3 Nc6 6.Nxc6 dxc6 7.O-O e5 8.Nd2 Ne7
9.Nc4 Ng6 10.Qh5 Qc7 11.Be3 b5 12.Nb6 Rb8 13.Nxc8 Rxc8 14.a4 Be7 15.axb5 axb5
16.Ra7 Qb8 17.Rfa1 O-O 18.g3 Rc7 19.R7a6 c5 20.Bf1 Rb7 21.h4 Rd8 22.Bh3 Rb6
23.Ra7 Rb7 24.R7a5 Qc7 25.Qf3 Bf6 26.Ra6 Qe7 27.Rc6 c4 28.Bc5 Qe8 29.Rca6 Be7
30.Be3 Rd6 31.Rxd6 Bxd6 32.Qd1 Be7 33.Qd5 Rb8 34.Ra7 Nf8 35.c3 Bf6 36.Kh2 Rd8
37.Qb7 h6 38.Bf5 g6 39.Bh3 Kg7 40.Qa6 Be7 41.h5 Rd6 42.Qb7 Bf6 43.hxg6 Nxg6
44.Bd7 Qd8 45.Bxb5 Ne7 46.Ra8  1-0

[Event "Young Masters 6th"]
[Site "Loures"]
[Date "1998.12.11"]
[Round "10"]
[White "Cordovil, Joao"]
[Black "Kovacevic, Slobodan"]
[Result "1/2-1/2"]
[WhiteElo "2220"]
[BlackElo "2420"]

1.e4 c5 2.Nf3 e6 3.d4 cxd4 4.Nxd4 a6 5.Bd3 Nf6 6.Nc3 Qc7 7.Qe2 d6 8.Bg5 Be7
9.f4 h6 10.Bxf6 Bxf6 11.Qf2 Nc6 12.Nde2 b5 13.a3 Na5 14.O-O O-O 15.Qg3 Bb7
16.e5 dxe5 17.f5 Nc4 18.fxe6 Qb6+ 19.Kh1 Qxe6 20.Ne4 Be7 21.b3 Nb2 22.Qf3 Nxd3
23.cxd3 Bd5 24.N2g3 g6 25.Qe3 Kg7 26.b4 f5 27.Nc5 Bxc5 28.Qxc5 Rac8 29.Qf2 f4
30.Ne4 Bxe4 31.dxe4 Rc4 32.a4 Rxb4 33.axb5 Rxb5 34.Qa7+ Rf7 35.Qxa6 Qxa6
36.Rxa6 Rb4 37.Re1 Rd7 38.g3 f3 39.Ra3 Rxe4 40.Rf1 Rf7 41.Raxf3 Rxf3 42.Rxf3 Rd4
43.h4 Rd7 44.Kg2 h5 45.Kh3 Rd2 46.g4 hxg4+ 47.Kxg4 Rd7 48.h5 Rf7 49.Rxf7+  1/2-1/2

[Event "BL2-W9899"]
[Site "Germany"]
[Date "1998.12.13"]
[Round "3.3"]
[White "Cuijpers, Frans Andre"]
[Black "Kengis, Edvins"]
[Result "1/2-1/2"]
[WhiteElo "2420"]
[BlackElo "2565"]

1.e4 c5 2.Nf3 e6 3.d4 cxd4 4.Nxd4 a6 5.Bd3 Qb6 6.c3 Nc6 7.O-O Nge7 8.Nb3 d5
9.Bf4 g6 10.N1d2 Bg7 11.exd5 exd5 12.Nf3 O-O 13.h3 d4 14.cxd4 Be6 15.Bd6 Rfd8
16.Bc5 Qc7 17.Rc1 Nd5 18.Re1 Nf4 19.Be4 Bd5 20.Qc2 Ne6 21.Ba3 Qb6 22.Bc5 Qc7  1/2-1/2

[Event "BL2-S9899"]
[Site "Germany"]
[Date "1998.12.13"]
[Round "3.7"]
[White "Bach, Edwin"]
[Black "Bosbach, Gerhard"]
[Result "1-0"]
[WhiteElo "2310"]
[BlackElo "2225"]

1.e4 c5 2.Nf3 e6 3.d4 cxd4 4.Nxd4 a6 5.Bd3 Nf6 6.O-O Qc7 7.Qe2 d6 8.c4 g6
9.Nc3 Bg7 10.Rd1 O-O 11.Nf3 Nbd7 12.Bf4 Nh5 13.Be3 Rd8 14.Rac1 b6 15.Bb1 Bb7
16.b3 Rac8 17.h3 Qb8 18.Qd2 Bf8 19.Bg5 Re8 20.Bh6 Be7 21.Bg5 Nhf6 22.Nd4 Ba8
23.Be3 Nc5 24.f3 Bf8 25.Bf2 Qb7 26.Re1 Ncd7 27.Bd3 Ne5 28.Bf1 Rcd8 29.Qb2 Bh6
30.Rcd1 Nh5 31.Nde2 g5 32.a4 Bg7 33.Qc1 h6 34.Qe3 d5 35.cxd5 exd5 36.Nxd5 b5
37.axb5 Qxb5 38.Ng3  1-0

[Event "BL2-S9899"]
[Site "Germany"]
[Date "1998.12.13"]
[Round "3.2"]
[White "Schmaltz, Roland"]
[Black "Gerstner, Wolfgang"]
[Result "1/2-1/2"]
[WhiteElo "2470"]
[BlackElo "2360"]

1.e4 c5 2.Nf3 e6 3.d4 cxd4 4.Nxd4 a6 5.Bd3 Bc5 6.Nb3 Ba7 7.O-O Nc6 8.c4 d6
9.Nc3 Nf6 10.Kh1 e5 11.Qe1 Be6 12.Nd5 Bxd5 13.exd5 Nd4 14.f4 e4 15.Bxe4 O-O
16.Nxd4 Bxd4 17.Qd1 Qb6 18.Bf3 Rac8 19.Qd3 Qc5 20.Rd1 Rfe8 21.h3 Qxc4 22.Qxd4 Qxd4
23.Rxd4 Re1+ 24.Kh2 Rcxc1 25.Rxc1 Rxc1 26.Rb4 b5 27.Rb3 Rc4 28.Ra3 Ra4 29.Rxa4 bxa4
30.a3 Nd7 31.Be2 a5 32.Kg3 Nb6 33.Bb5 Kf8 34.Kf3 Ke7 35.Ke4 g6 36.g4 Kf6
37.h4 Ke7 38.Bd3 Kf6 39.Kd4 Ke7 40.g5 Kf8 41.Bc2 Ke7 42.Bd3 Kf8 43.Ke4 Kg7
44.Bb5 Kf8 45.Bc6 Ke7 46.Bb5 Kf8 47.Be2 Ke7 48.Bd1 Ke8 49.f5 Ke7 50.h5 Kf8
51.fxg6 fxg6 52.h6 Kf7 53.Kd4 Kf8 54.Bg4 Kg8 55.Bh3 Kh8 56.Be6 Nc4 57.Bd7 Nb6
58.Bc6 Kg8 59.Kc3 Kf7 60.b3 axb3 61.Kxb3 Ke7 62.Kc3 Kf7 63.Kd4 Kf8 64.Bb5 Ke7
65.Bd3 Kf8 66.Bc2 Kf7 67.Bd1 Kf8 68.Bg4 Kg8 69.Be6+ Kf8 70.Kd3 Ke7 71.Kc3 Kf8
72.Kb3 Ke7 73.Kc3 Kf8 74.Kd4 Ke7  1/2-1/2

[Event "Clichy"]
[Site "Clichy"]
[Date "1998.12.17"]
[Round "6"]
[White "Fontaine, Robert"]
[Black "Prusikin, Mikhajlo"]
[Result "0-1"]
[WhiteElo "2360"]
[BlackElo "2475"]

1.e4 c5 2.Nf3 e6 3.d4 cxd4 4.Nxd4 a6 5.Bd3 Qb6 6.Nb3 Qc7 7.O-O Nf6 8.c4 d6
9.Nc3 Nbd7 10.f4 g6 11.Be3 Bg7 12.Rc1 b6 13.Qf3 Bb7 14.Nd2 O-O 15.b4 Rac8
16.h3 Rfe8 17.Qf2 Qb8 18.Bxb6 Nxb6 19.Qxb6 Bh6 20.Qf2 Nh5 21.Ne2 e5 22.g3 f5
23.Bb1 fxe4 24.Bxe4 exf4 25.Bxb7 Qxb7 26.Nxf4 Nxf4 27.gxf4 Qxb4 28.Rce1 Qb2
29.a4 Bg7 30.Kg2 Bd4 31.Rb1 Qxb1 32.Qxd4 Qf5 33.Rf2 Re6 34.Kg3 Qc5 35.Qxc5 Rxc5
36.Rf3 Kf7 37.Rb3 Re2 38.Nf3 h6 39.Rb7+ Re7 40.Rb6 Rxc4 41.Rxd6 Rc3 42.Kf2 Rc2+
43.Kf1 Rb7 44.Ne5+ Ke7 45.Rd1 Kf6 46.Ng4+ Kg7 47.Ne5 Ra2  0-1

[Event "Groningen op"]
[Site "Groningen"]
[Date "1998.12.21"]
[Round "2"]
[White "Dean, Jim H"]
[Black "Kreiman, Boris"]
[Result "0-1"]
[WhiteElo "2340"]
[BlackElo "2455"]

1.e4 c5 2.Nf3 e6 3.d4 cxd4 4.Nxd4 a6 5.Bd3 Qc7 6.Qe2 d6 7.O-O g6 8.Nd2 Bg7
9.N2b3 Ne7 10.c4 O-O 11.Bd2 Nbc6 12.Bc3 e5 13.Nxc6 bxc6 14.f4 exf4 15.Bxg7 Kxg7
16.Rxf4 c5 17.Qe3 Nc6 18.Nd2 Be6 19.Raf1 f6 20.Be2 Ne5 21.h4 Qe7 22.Qg3 h6
23.Nf3 g5 24.Nxe5 fxe5 25.Rxf8 Rxf8 26.Rxf8 Kxf8 27.hxg5 hxg5 28.Qb3 Qc7
29.Qe3 Qa5 30.Kf2 Qd8 31.Kg1 Kg7 32.Qb3 Qa5 33.Kf2 g4 34.Qb7+ Kf6 35.Qb8 Qd2
36.Qf8+ Kg6 37.g3 Qxb2 38.Qe8+ Bf7 39.Qd7 Qd4+ 40.Kf1 Bxc4 41.Qf5+ Kg7 42.Qxg4+ Kf6
43.Qh4+ Kf7 44.Qh7+ Ke8 45.Qh5+ Kd7 46.Qg4+ Kc7 47.Kg2 Qd2  0-1

[Event "Gudmundur Arason op 4th"]
[Site "Hafnarfjordur"]
[Date "1998.12.21"]
[Round "8"]
[White "Kristjansson, Stefan"]
[Black "Gunnarsson, Jon Viktor"]
[Result "0-1"]
[WhiteElo "2225"]
[BlackElo "2445"]

1.e4 c5 2.Nf3 e6 3.d4 cxd4 4.Nxd4 a6 5.Bd3 Qc7 6.O-O Nf6 7.c4 Be7 8.Nc3 Nc6
9.Nf3 O-O 10.Qe2 d6 11.h3 Bd7 12.Bf4 Ne5 13.Rac1 Rac8 14.b3 Qb8 15.Rfd1 Rfd8
16.a4 a5 17.Rc2 b6 18.Rcd2 Bc6 19.Bc2 Ng6 20.Bh2 e5 21.Ne1 Nd7 22.g3 Nc5
23.Ng2 Ne6 24.Qe3 Nd4 25.Ne2 d5 26.exd5 Nxc2 27.Rxc2 Bxd5 28.Rcd2 Bc6 29.Nc3 Bc5
30.Qe2 Bd4 31.Nb5 Qb7 32.Ne3 Bf3 33.Qe1 Bxd1 34.Qxd1 Ne7 35.Nxd4 exd4 36.Rxd4 Nc6
37.Rxd8+ Rxd8 38.Nd5 Qd7 39.Qh5 Nb4 40.Nxb6 Qd4 41.c5 Nd3 42.Qf3 Qa1+  0-1